| 000 | 00742nam a22002297a 4500 | ||
|---|---|---|---|
| 999 |
_c108443 _d108443 |
||
| 005 | 20200127120126.0 | ||
| 010 | _a194386 | ||
| 035 | _a194386 | ||
| 037 | _bCen Lib/Ret | ||
| 082 | _a842 | ||
| 100 | _aمحمد حسن | ||
| 245 |
_aتیسرے اسٹیج ڈرامے : _cمحمد حسن _bچھ اسٹیج ڈراموں کا مجمع / |
||
| 246 |
_aTeesre stage drame : chestage dramon ka majmua / _bby Mohhamd Hasan |
||
| 260 |
_bادارہ فرح اردو _aامینباد _c- |
||
| 270 |
_bامینباد _a- |
||
| 300 |
_a232p. _c18cm(Hb) |
||
| 650 | _aادب -- اردو | ||
| 650 | _aاردو ڈرامے | ||
| 650 | _aLiterature -- Hindi | ||
| 650 | _aUrdu drame | ||
| 942 |
_2ddc _cUR _h842 _mم ح م |
||